01670nam a2200385 a 4500001001000000003000500010005001700015008004100032010001100073011001100084040000900095090001000104100004100114245017500155260004100330500006000371502006900431590004100500590003700541590004000578590004000618650003900658650003400697650006400731650004500795650004000840856001600880856007000896901000700966942001000973942000600983999001900989952014001008952013601148000109037CHAP20220329144035.0140331s2013 mx sm |||||||spa d a105499 a106471 cCHAP aTesis1 aCaballero Vargas, Verónica912613810aRestauración del bordo del canal del bordo, en el área natural protegida ejidos de Xochimilco y San Gregorio Atlapulcoh[En línea]cpor Verónica Caballero Vargas. aChapingo, Méx. :bEl autor,c2013. aPara ver el contenido del material haga clic en la liga aTesis (Ing. Agr. Esp. en Suelos) -- UACH. Departamento de Suelos aBATCH-UPDb05c20141002lUCH01h0859 aBATCHb00c20181121lUCH01h0759 aE6096MTMb05c20140331lUCH01h0952 aE6096MTMb05c20140331lUCH01h095214aAgriculturaxMéxico (D.F.)9174614aCultivosxRendimiento.93031814aRecursos naturalesxConservaciónxXochimilco, D.F.99525614aRecursos naturalesxProtección.99530614aRestauración ecológica.9125157 a1 n0001093 aFinding aiduhttp://10.13.5.2/tesis/sist109037.pdfzTeclea aquí aBK cTESIS n0 c105499d105499 00102local4053708TESISaBCbBCcPA_TESISd2014-03-31fTESISl0oTesisp33724002382306r2019-12-31 00:00:00tc.2w2019-12-31yTESIS 00104054718TESISaBCbBCd2014-03-31fTESISl0oTesisp33724002382347r2019-12-31 00:00:00w2019-12-31yTESISzRecien adquirido